Ecuaciones diferenciales y problemas con valores en la frontera /

Guardado en:
Bibliografiske detaljer
Hovedforfatter: Nagle, R. Kent (autor)
Andre forfattere: Saff, Edward Barry (autor) (autor), Snider, Arthur David (autor) (autor), West, Beverly Henderson (programación) (programación), Palmas Velasco, Oscar (traducción) (traducción)
Format: Bog
Sprog:spansk
Udgivet: México : Pearson, 2001, c2001
Fag:
Tags: Tilføj Tag
Ingen Tags, Vær først til at tagge denne postø!

MARC

LEADER 00000nam^a2200000^a^4500
001 000154729
005 20250521000000.0
009 20260310100404.852
020 |a 968-444-483-4 
037 |a Acervo ITESO - Biblioteca 
041 |a ESP 
082 |a 515. 35  |b NAG 
100 |a Nagle, R. Kent  |e (autor) 
245 1 0 |a Ecuaciones diferenciales y problemas con valores en la frontera /  |c R.K. Nagle, E.B. Saff, A.D. Snider ; autor del software B.H. West... [et al.] ; tr. por O. Palmas Velazco. 
264 4 |a México :  |b Pearson,  |c 2001, c2001 
300 |a XXI, 760, [55] p. +  |e 1 disco compacto de computadora 
336 |a texto  |b txt  |2 rdacontenido 
337 |a sin mediación  |b n  |2 rdamedio 
338 |a volumen  |b nc  |2 rdasoporte 
500 |a Traducción de: Fundamentals of Differential Equations and Boundary Value Problems 
521 |a 2011 BO Licenciatura en Ingeniería en Nanotecnología 
521 |a 2016 BO Licenciatura en Ingeniería en Sistemas Computacionales Acreditación 
521 |a 2016 BO Licenciatura en Ingeniería en Redes y Telecomunicaciones Acreditación 
590 |a Traducción de la 3a edición en inglés 
649 |a XX 
650 |a Ecuaciones Diferenciales Parciales 
650 |a Ecuaciones Diferenciales -  |x Tema Principal 
650 |a Problemas con Valores de Frontera -  |x Tema Principal 
650 |a Transformaciones de Laplace 
650 |a Modelos Matemáticos 
650 |a Análisis Numérico 
650 |a Matemáticas 
700 |a Saff, Edward Barry  |e (autor) 
700 |a Snider, Arthur David  |e (autor) 
700 |a West, Beverly Henderson  |e (programación) 
700 |a Palmas Velasco, Oscar  |e (traducción) 
910 |a Fondo General 
920 |a Impresos - Libros 
930 |a Colección General 
905 |a 101 
901 |a 0500083221  |b IT1  |c ACC  |u 20250521 
901 |a 0500099227  |b IT2  |c SWS  |u 20250521 
901 |a 0500083107  |b IT2  |c SWS  |u 20250521 
901 |a 0500083127  |b IT1  |c ACC  |u 20250521 
901 |a 0500083124  |b IT2  |c SWS  |u 20250521 
901 |a 0500099215  |b IT2  |c SWS  |u 20250521 
901 |a 0500098629  |b IT1  |c ACC  |u 20250521 
901 |a 0500098626  |b IT1  |c ACC  |u 20250521 
902 |a https://opac.biblio.iteso.mx/vufind/Record/000154729